| 000 | 01089 a2200301 4500 | ||
|---|---|---|---|
| 003 | BJBSDDR | ||
| 005 | 20240314125458.0 | ||
| 007 | ta | ||
| 008 | 281123s2023 nyu 00| 0 eng d | ||
| 020 | _a9780802162298 | ||
| 020 | _a0802162290 | ||
| 040 |
_bspa _cBJBSDDR |
||
| 041 | _aeng | ||
| 050 | 1 | 4 |
_aPS 3569 _bS529s 2023 |
| 100 | 1 |
_aShapiro, Dani, _d1962- _934804 |
|
| 245 | 1 | 0 |
_aStill writing : _bthe perils and pleasures of a creative life / _cDani Shapiro. |
| 250 | _a10th anniversary edition | ||
| 260 |
_aNew York : _bGrove Press, _c2023. |
||
| 300 |
_axiv, 230 pages : _billustrations ; _c19 cm. |
||
| 520 | _aExamines the process of creative writing and storytelling through the author's personal stories and experiences of living a writer's life and offers lessons and insights to aspiring authors. | ||
| 600 | 1 | 4 |
_aShapiro, Dani, _d1962- _934804 |
| 650 | 4 |
_aAutores estadounidenses _vBiografĂas _932771 |
|
| 650 | 4 |
_aEscritura creativa _92293 |
|
| 650 | 4 |
_aLiteratura estadounidense _91025 |
|
| 650 | 4 |
_aAutorĂa _9922 |
|
| 942 |
_2lcc _cBK |
||
| 946 | _idpf | ||
| 999 |
_c120368 _d120368 |
||